| Поле | Инд. | ПП | Название | Значение |
|---|---|---|---|---|
| Тип записи | a | |||
| Библиографический уровень | m | |||
| 001 | Контрольный номер | 5d29ae83-cd68-4c18-93dc-05edbab1c965 | ||
| 005 | Дата корректировки | 20150804105741.5 | ||
| 008 | Кодируемые данные | 040602 | ||
| 020 | c | Цена, тираж | 13.00 | |
| 040 | a | Служба первич. каталог. | НБ ТвГУ | |
| 041 | 0_ | a | Код языка текста | rus |
| 080 | a | Индекс УДК | 504:574(470.331)(082) | |
| 084 | a | Индекс другой классификации/Индекс ББК | Б1(2Рос-4Тве)я431 | |
| 090 | x | Авторский знак | О-13 | |
| a | Полочн. индекс | Б1(2Рос) | ||
| 245 | 10 | a | Заглавие | Обеспечение экологической безопасности: специальные, правовые, экономические и психологические аспекты |
| b | Продолж. заглавия | Материалы науч.-практ. конф., 23 нояб. 1999 г. Тверь | ||
| c | Ответственность | Твер. ин-т экологии и права, Клин. ин-т экономики и права; [Редкол.: Н. С. Шерстнева и др.] | ||
| 260 | 0_ | a | Место издания | Тверь |
| b | Издательство | Тверской государственный университет | ||
| c | Дата издания | 2000 | ||
| 300 | a | Объем | 57 с. | |
| 504 | a | Библиография | Библиогр.: с.40,44. | |
| 583 | a | Действие | Получение впервые 249 28.05.2004 | |
| k | Исполнитель действия | Дар Тверского института экологии и права | ||
| 650 | 04 | a | Основная рубрика | Экологическая безопасность |
| x | Основная подрубрика | Конференции научно-практические | ||
| 650 | 04 | a | Основная рубрика | Экология |
| z | Географическая подрубрика | Тверская область | ||
| 653 | 0_ | a | Ключевые слова | Экологическая безопасность |
| a | Ключевые слова | Экология Тверской области | ||
| a | Ключевые слова | Тверская область | ||
| a | Ключевые слова | Краеведение | ||
| a | Ключевые слова | Труды Тверского государственного университета | ||
| 700 | 1_ | a | Другие авторы | Шерстнева Н. С. |
| e | Роль лиц | ред. | ||
| 700 | 1_ | a | Другие авторы | Виноградов В. П. |
| e | Роль лиц | ред. | ||
| 700 | 1_ | a | Другие авторы | Телятников В. Г. |
| e | Роль лиц | ред. | ||
| 852 | 41 | t | Порядковый номер экземпляра | 3 |
| p | Инвентарный номер | 785665 | ||
| p | Инвентарный номер | 785666 | ||
| p | Инвентарный номер | 785667 | ||
| 852 | 41 | t | Порядковый номер экземпляра | 3 |
| p | Инвентарный номер | 785668 | ||
| p | Инвентарный номер | 785669 | ||
| p | Инвентарный номер | 785670 | ||
| 852 | 41 | t | Порядковый номер экземпляра | 1 |
| p | Инвентарный номер | 785671 | ||
| 863 | t | 00024925 | ||
| 863 | t | 00024924 | ||
| 863 | t | 00024923 | ||
| 863 | t | 00024922 | ||
| 863 | t | 00024921 | ||
| 863 | t | 00024920 | ||
| 888 | a | Бесплатные | ||
| 930 | a | Новая/Ретро | краеведение | |
| 952 | p | 249.2004 13.00 1 785665 | ||
| p | 249.2004 13.00 1 785666 | |||
| p | 249.2004 13.00 1 785667 | |||
| p | 249.2004 13.00 1 785668 | |||
| p | 249.2004 13.00 1 785669 | |||
| p | 249.2004 13.00 1 785670 | |||
| p | 249.2004 13.00 1 785671 | |||
| c | Вид литературы | К рн | ||
| 954 | a | Дата поступления на обработку | 20040617 | |
| 999 | a | Подразделение 2 | Фил1 | |
| a | Подразделение 2 | Фил3 | ||
| a | Подразделение 2 | ч.з. |